00635nam a2200181Ia 4500001001000000003000500010008004100015010001100056040000900067100002500076245011200101260003500213300001000248502008700258650001900345650003900364710005000403Para_1102CHAP220125s1996 xx 000 0 und d a199846 cCHAP aAguilar Ríos, Raul aVirosis de cucurbitaceas en el estado de Morelos y su distribución ecologica /c por Raul Aguilar Ríos aChapingo, Méx. :b El autor a87 h. aTesis (Ing. Agr. Esp. en Parasitología Agrícola), UACh. Depto. Parasitología aCucurbitaceas  aPlantas x Enfermedades por virus aUACh. Departamento Parasitología Agrícola